| 000 | 00516nam a22001697a 4500 | ||
|---|---|---|---|
| 999 |
_c40772 _d40772 |
||
| 003 | OSt | ||
| 005 | 20200606120154.0 | ||
| 008 | 191102b ||||| |||| 00| 0 eng d | ||
| 020 | _a9788176754057 | ||
| 040 | _cMESKC library | ||
| 082 |
_a891.431 _bBRA/S |
||
| 100 | 1 |
_915 _aBrar, Bhupinder |
|
| 245 |
_aSookhi Hawa Ki Aawaaz: _bA collection of poetry / _cBhupinder Brar |
||
| 260 |
_aHaryana : _bAdhar Prakashan, _c2013 |
||
| 300 | _a103p | ||
| 942 |
_2ddc _cBK _h891.431 _iBRA/S _k891.431 _mBRA/S |
||